000 00302nam a2200121Ia 4500
005 20251222143132.0
008 251222s9999||||xx |||||||||||||| ||spa||
020 _a84-01-43596-X
082 _a839.77/J67
100 _a"Johnson, Eyvind"
245 0 _aEra el año 1914: Aqui tienes tu vida
942 _cLIB
999 _c11982
_d11982